000
00372nam a22001217a 4500
008
110509t xxu||||| |||| 00| 0 eng d
020
_a
0406091870
082
_a
348.041
245
_a
The Law Reports Appeal Cases 1912 /
300
_a
v;
942
_2
ddc
_c
BK
999
_c
1589
_d
1589